| 000 | 00888nam a22002775a 4500 | ||
|---|---|---|---|
| 001 | 230782 | ||
| 003 | OSt | ||
| 005 | 20240704143300.0 | ||
| 008 | 990421s1997 enkb b 000 0 eng d | ||
| 010 | _a 99199252 | ||
| 020 | _a1874209421 | ||
| 040 |
_aDDC _cMUST |
||
| 082 | _a320 H679P 1997 | ||
| 100 | 1 |
_aHogg, Richard. _918445 |
|
| 245 | 1 | 0 |
_aPastoralists, ethnicity and the state in Ethiopia / _cedited by Richard Hogg. |
| 260 |
_aLondon : _bHaan in association with the Institute for African Alternatives, _c1997. |
||
| 300 |
_aviii, 182 p.: _bmaps ; _c21 cm. |
||
| 504 | _aIncludes bibliographical references. | ||
| 650 | 0 |
_aHerders _zEthiopia. _918446 |
|
| 650 | 0 |
_aEthnicity _zEthiopia. _918447 |
|
| 650 | 0 |
_aPastoral systems _zEthiopia. _918448 |
|
| 650 | 0 |
_aNomads _zEthiopia. _918449 |
|
| 700 | 1 |
_aHogg, Richard. _918445 |
|
| 942 |
_2ddc _cO_SHELF |
||
| 999 |
_c9069 _d9069 |
||